000 00621nam a2200169 4500
001 8170
005 20230410115657.0
008 060907n1996 dr spa
035 _9funglode8239
041 _aES
050 1 4 _aHG 185 A837r 1996
110 _aAsociación Latino-Americano de Instituciones Finacieras de Desarrollo
245 1 _aReformas financieras y la cooperacion regional /
_cAsociación Latino-Amricana de Instituciones financieras de desarrollo, Banco interamericano de desarrollo, Corporación Financiera de Desarrollo
260 _aArequipa,
_c1996
300 _a376 p.
942 _2lcc
_cbk
999 _c45872
_d45872